| 000 | 00538nam a2200145Ia 4500 | ||
|---|---|---|---|
| 008 | 170221s9999 xx 000 0 und d | ||
| 100 | _aLin, Jung-Chu | ||
| 245 | _aBank ownership and performance in Taiwan: do politics matter? | ||
| 245 | _cJung-Chu Lin, Takming University of Science and Technology; Vichet Sum, University of Maryland – Eastern Shore. | ||
| 260 | _bJournal of Management and Marketing Research | ||
| 260 | _c2012 | ||
| 300 | _a32 : 6 | ||
| 650 | _xBusiness | ||
| 856 | _uhttp://www.aabri.com/manuscripts/121105.pdf | ||
| 999 |
_c311253 _d311253 |
||